00355nam a2200121 a 45000010005000000030005000050050017000100080041000270400020000681000038000882450087001262600020002131460CDMR20130116135211.0130130s1973||||||||||||||||||||||||||||d aCDMRbcatcCDMR1 aRaffols Cabrisses, José María10aHistoria de la prensa en Villanueva y Geltrú...cJosé María Rafols Cabrisses aBarcelonac1973